El credito cafetero en Colombia : (Registro nro. 49529)

Detalles MARC
000 -LEADER
fixed length control field 01173nam a2200277 4500
001 - CONTROL NUMBER
control field 0000021314
003 - CONTROL NUMBER IDENTIFIER
control field CO-CtgCURN
005 - DATE AND TIME OF LATEST TRANSACTION
control field 20250825223111.0
008 - FIXED-LENGTH DATA ELEMENTS--GENERAL INFORMATION
fixed length control field 160627s2004 000 0 eng d
020 ## - INTERNATIONAL STANDARD BOOK NUMBER
International Standard Book Number 9587013417
040 ## - CATALOGING SOURCE
Original cataloging agency CO-CtgCURN
Language of cataloging spa
Transcribing agency coctgcurn
082 0# - DEWEY DECIMAL CLASSIFICATION NUMBER
Classification number 330
Item number C835c
100 1# - MAIN ENTRY--PERSONAL NAME
Personal name Cuellar Boada, Fidel H.
245 13 - TITLE STATEMENT
Title El credito cafetero en Colombia :
Remainder of title economia, instituciones y política 1920 2002 /
Statement of responsibility, etc. Fidel H. Cuellar Boada , prologo Jorge Cárdenas Gutierrez.
260 ## - PUBLICATION, DISTRIBUTION, ETC.
Place of publication, distribution, etc. Bogotá :
Name of publisher, distributor, etc. Universidad Nacional de Colombia. Facultad de Ciencias Economicas,
Date of publication, distribution, etc. 2004.
300 ## - PHYSICAL DESCRIPTION
Extent 308 p.
336 ## - CONTENT TYPE
Source rdacontent
337 ## - MEDIA TYPE
Source rdamedia
Media type term sin mediacion
Media type code n
338 ## - CARRIER TYPE
Source rdacarrier
Carrier type term volumen
Carrier type code nc
505 8# - FORMATTED CONTENTS NOTE
Formatted contents note Enfoque historico de los instrumentos de credito, financiamiento y gestion de riesgos en la caficultura 1920-1990.--El papel del credito en la crisis cafetera de finales del siglo XX: teoria y practica
650 #0 - SUBJECT ADDED ENTRY--TOPICAL TERM
Topical term or geographic name entry element Proceso de paz
Chronological subdivision 1998%2002
Geographic subdivision Colombia.
700 1# - ADDED ENTRY--PERSONAL NAME
Personal name Cárdenas Gutierrez, Jorge.
908 ## - PUT COMMAND PARAMETER (RLIN)
Put command parameter 160627
942 ## - ADDED ENTRY ELEMENTS (KOHA)
Koha item type Libros
Classification part 330
Item part C835c
Source of classification or shelving scheme Dewey Decimal Classification
999 ## - SYSTEM CONTROL NUMBERS (KOHA)
-- 1
Existencias
Withdrawn status Lost status Source of classification or shelving scheme Damaged status Not for loan Home library Current library Shelving location Date acquired Total checkouts Full call number Barcode Date last seen Price effective from Koha item type
    Dewey Decimal Classification     Miguel Henríquez Castañeda Miguel Henríquez Castañeda General 03/04/2019   330 C835c 002856 03/04/2019 03/04/2019 Libros